(20B) - 50 villes les plus peuplées de la Haute-Corse (2B) - Statistiques

Statistiques générales
  • Ce quiz a été pris 19 fois
  • Le résultat moyen est 20 sur 50
Statistiques - réponses
nombre d'habitant ville % Correct
46 867 Bastia
94%
5 788 Calvi
82%
7 819 Corte
82%
7 642 Biguglia
76%
10 311 Borgo
76%
1 694 Saint-Florent
76%
3 231 L'Île-Rousse
71%
2 267 Aléria
59%
6 585 Furiani
59%
4 405 Ghisonaccia
59%
6 923 Lucciana
59%
2 684 Calenzana
47%
3 671 Penta-di-Casinca
47%
3 880 Prunelli-di-Fiumorbo
47%
644 Venaco
47%
3 406 Vescovato
47%
2 065 Monticello
41%
1 973 Santa-Maria-di-Lota
41%
807 Santa-Maria-Poggio
41%
1 182 Sisco
41%
1 584 Brando
35%
2 149 Cervione
35%
1 224 Lumio
35%
897 Patrimonio
35%
3 056 San-Martino-di-Lota
35%
1 024 Santa-Reparata-di-Balagna
35%
1 874 Venzolasca
35%
835 Belgodère
29%
1 166 Linguizzetta
29%
872 Luri
29%
735 Moltifao
29%
961 Morosaglia
29%
1 780 Oletta
29%
885 Poggio-Mezzana
29%
2 062 San-Nicolao
29%
1 514 Santa-Lucia-di-Moriani
29%
650 Monte
24%
652 Pietracorbara
24%
623 Taglio-Isolaccio
24%
2 629 Ventiseri
24%
3 215 Ville-di-Pietrabugno
24%
591 Antisanti
18%
701 Castellare-di-Casinca
18%
595 Omessa
18%
812 San-Giuliano
18%
904 Sorbo-Ocagnano
18%
847 Talasani
18%
588 Aregno
12%
962 Corbara
12%
736 Solaro
12%
Aucun quiz correspondant
Distribution des résultats
% des personnes avec chaque résultat
Percentile par nombre de réponses
Votre historique - résultats
Vous n’avez pas pris ce quiz